00507 2200169 4500001002100000005001500021035002000036245010200056100003000158250001700188300003400205260003500239082001000274084001600284020002200300650001500322INLIS00000000000098820250323051311 a0010-03250000841 aChildren's Illustrated Dictionary :bKamus Bergambar untuk Anak-Anak /cEmalia Iragiliati Sukarni0 aEmalia Iragiliati Sukarni acetakan ke-1 aiii, 104 hlm :bilus ;c18 cm aBandung :bGaneca Exact,c2007 a423.1 a423.1 EMA c a978-979-571-506-1 4aKamus Anak